LIBRARY & INFORMATION CENTRE, KCAET, TAVANUR

ONLINE PUBLIC ACCESS CATALOGUE (OPAC)

Normal view MARC view
  • Atas

Entry Topical Term

Number of records used in: 1

001 - CONTROL NUMBER

  • control field: 5143

003 - CONTROL NUMBER IDENTIFIER

  • control field: OSt

005 - DATE AND TIME OF LATEST TRANSACTION

  • control field: 20211223120229.0

008 - FIXED-LENGTH DATA ELEMENTS

  • fixed length control field: 211223|| aca||aabn | a|a d

040 ## - CATALOGING SOURCE

  • Original cataloging agency: OSt
  • Transcribing agency: OSt

150 ## - HEADING--TOPICAL TERM

  • Topical term or geographic name as entry element: Atas

670 ## - SOURCE DATA FOUND

  • Source citation: Work cat.: (OSt)397: Basak, P . 5135, Water atlas of Kerala / , 1995.
free website counter